[Event "CUB-ch"]
[Site "CUB"]
[Date "1995.??.??"]
[Round "2"]
[White "Rivera, Alberto"]
[Black "Li, Manuel"]
[Result "0-1"]
[WhiteElo "2370"]
[BlackElo "2345"]

1.d4 g6 2.c4 Bg7 3.e4 d6 4.Nc3 Nd7 5.Nf3 e5 6.Be2 Ngf6 7.O-O O-O 8.Be3 a5
9.d5 Ng4 10.Bg5 f6 11.Bh4 Nh6 12.Nd2 Nf7 13.Rb1 Bh6 14.a3 a4 15.Bd3 Nc5 16.Bc2 Bd7
17.Qe2 Bg5 18.Bg3 Kg7 19.f3 Bf4 20.Bf2 Bg5 21.Rbd1 f5 22.Nb5 Bh4 23.Bxc5 dxc5
24.Nb1 Bxb5 25.cxb5 f4 26.Nc3 Nd6 27.Nxa4 b6 28.Nc3 Bg3 29.Ra1 Qh4 30.h3 g5
31.Bd3 h5 32.Nd1 Rf7 33.Rc1 Kh8 34.Nf2 g4 35.fxg4 f3 36.gxf3 Bf4 37.Nh1 Bxc1
38.Rxc1 Raf8 39.Qh2 Qg5 40.Rf1 Rxf3 41.Rxf3 Rxf3 42.Nf2 h4  0-1

[Event "CUB-ch"]
[Site "CUB"]
[Date "1995.??.??"]
[Round "7"]
[White "Li, Manuel"]
[Black "Alvarez, Jose"]
[Result "0-1"]
[WhiteElo "2345"]
[BlackElo "2345"]

1.d4 Nf6 2.Nf3 g6 3.c4 Bg7 4.Nc3 O-O 5.e4 d6 6.Be2 e5 7.Be3 Ng4 8.Bg5 f6
9.Bh4 Nc6 10.d5 Ne7 11.h3 Nh6 12.Qc2 Nf7 13.O-O-O c5 14.dxc6 bxc6 15.Nh2 c5
16.Bg4 Nc6 17.Bxc8 Rxc8 18.Qa4 Nd4 19.Ng4 Ng5 20.f3 Nge6 21.Rhe1 Rb8 22.Nd5 Nc7
23.Nge3 Bh6 24.Kb1 Bxe3 25.Nxc7 Qxc7 26.Rxe3 Rb4 27.Qa6 Rfb8 28.Rd2 R8b6
29.Qa3 Qf7 30.Be1 Qxc4 31.Rc3 Nb5  0-1

[Event "CUB-ch"]
[Site "CUB"]
[Date "1995.??.??"]
[Round "10"]
[White "Alvarez, Jose"]
[Black "Becerra Rivero, Julio"]
[Result "1/2-1/2"]
[WhiteElo "2345"]
[BlackElo "2490"]

1.d4 Nf6 2.c4 g6 3.Nc3 Bg7 4.e4 O-O 5.Nf3 d6 6.Be2 e5 7.d5 a5 8.Bg5 h6 9.Bh4 Na6
10.Nd2 Qe8 11.O-O Nh7 12.a3 h5 13.f3 Bd7 14.Kh1 Bh6 15.Qc2 f5 16.exf5 gxf5
17.b3 Kh8 18.Rab1 Rg8 19.b4 axb4 20.axb4 Qg6 21.g3 Be3 22.c5 dxc5 23.bxc5 Nxc5
24.Nc4 Bd4 25.Nb5 Bxb5 26.Rxb5 f4 27.Qxg6 Rxg6 28.Nxe5 Bxe5 29.Rxc5 Ra2 30.Bd3 Rb6
31.Rc2 Rxc2 32.Bxc2 Bf6 33.Bxh7 Bxh4 34.gxh4 Kxh7 35.Rc1 Kg6 36.Rxc7 Rb1+
37.Kg2 Rb2+ 38.Kf1 Rd2 39.Rc5 Kf6 40.Rb5 Ke5 41.d6+ Kxd6  1/2-1/2

[Event "CZE-chT 9495"]
[Site "?"]
[Date "1995.??.??"]
[Round "3"]
[White "Zvolanek, Libor"]
[Black "Ralis, Peter"]
[Result "0-1"]
[WhiteElo "2350"]
[BlackElo "2275"]

1.Nf3 Nf6 2.d4 g6 3.c4 Bg7 4.Nc3 O-O 5.e4 d6 6.Be2 Nbd7 7.O-O e5 8.Re1 exd4
9.Nxd4 Nc5 10.Bf1 Re8 11.f3 a5 12.Ndb5 Bd7 13.Bg5 h6 14.Be3 Nh5 15.Qd2 g5
16.Rad1 Ne6 17.Nd5 Bc6 18.Rc1 Nhf4 19.g3 Ng6 20.Bh3 Ne5 21.Qe2 Bxd5 22.cxd5 Nc5
23.Bxc5 dxc5 24.Rxc5 c6 25.Nd4 Qb6 26.Rec1 Bf8 27.Qc2 Bxc5 28.Qxc5 Qxb2 29.Rc3 b6
30.Qa3 Qxa3 31.Rxa3 cxd5 32.exd5 Rad8 33.Nf5 Rxd5 34.Re3 Kf8 35.Bf1 h5 36.Rb3 g4  0-1

[Event "CZE-chT 9495"]
[Site "?"]
[Date "1995.??.??"]
[Round "3"]
[White "Danner, Georg"]
[Black "Freisler, Pavel"]
[Result "1-0"]
[WhiteElo "2440"]
[BlackElo "2350"]

1.d4 Nf6 2.Nf3 g6 3.c4 Bg7 4.Nc3 O-O 5.e4 d6 6.Be2 e5 7.d5 a5 8.Bg5 h6 9.Bh4 Na6
10.Nd2 Qe8 11.a3 Nh7 12.b4 f5 13.f3 Nf6 14.Bf2 Bd7 15.Rb1 axb4 16.axb4 b6
17.Bd3 Nh5 18.g3 Qf7 19.Qe2 Kh8 20.O-O Nb8 21.c5 bxc5 22.bxc5 Nf6 23.cxd6 cxd6
24.Nc4 fxe4 25.Nxe4 Bh3 26.Rfc1 Nxe4 27.Bxe4 Qf6 28.Rb6 Rc8 29.Qd2 Bf8 30.Be3 Ra4
31.Bxh6 Nd7 32.Rc6 Rxc6 33.dxc6 Nc5 34.Bd5 Kh7 35.Bg5 Qg7 36.g4 Qa7 37.Qf2 Nd3
38.Qxa7+ Rxa7 39.Rb1 Nc5 40.Be3 Bh6 41.g5 Bg7 42.Nxd6 Ra5 43.Nb7  1-0

[Event "CZE-chT 9495"]
[Site "?"]
[Date "1995.??.??"]
[Round "5"]
[White "Netusil, Miroslav"]
[Black "Obsivac, Josef"]
[Result "0-1"]
[WhiteElo "2295"]
[BlackElo "2335"]

1.d4 Nf6 2.c4 g6 3.Nc3 Bg7 4.e4 d6 5.Be2 O-O 6.Nf3 e5 7.dxe5 dxe5 8.Qxd8 Rxd8
9.Bg5 c6 10.h3 Na6 11.O-O Nc5 12.Rfd1 Re8 13.Bd3 Nh5 14.Be3 Ne6 15.Bc2 f6
16.b4 Bf8 17.c5 Nhf4 18.Bb3 Kg7 19.a3 g5 20.Ra2 Ng6 21.Na4 Nef4 22.Rad2 g4
23.Ne1 Be7 24.hxg4 Bxg4 25.f3 Be6 26.Bc2 Red8 27.g3 Nh3+ 28.Kg2 Rxd2+ 29.Rxd2 h5
30.Nd3 Rd8 31.f4 exf4 32.gxf4 Bg4 33.Ndb2 Nhxf4+ 34.Kg3 Ne2+ 35.Kf2 Rxd2
36.Bxd2 Nd4 37.Bb1 Ne5 38.Nd3 Nc4 39.Bc1 Nb5 40.Ba2 Ncxa3 41.Bb2 Nc2 42.Nc3 Nxb4  0-1

[Event "CZE-chT 9495"]
[Site "?"]
[Date "1995.??.??"]
[Round "8"]
[White "Slezka, Vojtech"]
[Black "Salai, Ladislav"]
[Result "0-1"]
[WhiteElo "2345"]
[BlackElo "2425"]

1.d4 Nf6 2.c4 g6 3.Nc3 Bg7 4.e4 d6 5.Nf3 O-O 6.Be2 e5 7.Be3 Ng4 8.Bg5 f6
9.Bh4 Nc6 10.d5 Ne7 11.Nd2 Nh6 12.g4 Nf7 13.Qc2 c6 14.O-O-O a6 15.Nb3 c5
16.Kb1 Bd7 17.f3 Rb8 18.a4 Nc8 19.Nd2 Na7 20.b3 Bh6 21.Bf2 b5 22.axb5 axb5
23.cxb5 Bxd2 24.Rxd2 Nxb5 25.Nxb5 Bxb5 26.Kb2 Qc7 27.Rc1 Bxe2 28.Rxe2 Rb5
29.Re3 Ra8 30.Ra1 Rba5 31.Ree1 Qa7 32.Rxa5 Qxa5 33.Kc1 Ng5 34.Re3 Qa1+ 35.Qb1 Qd4
36.Kc2 Nh3  0-1

[Event "CZE-chT 9495"]
[Site "?"]
[Date "1995.??.??"]
[Round "8"]
[White "Ftacnik, Lubomir"]
[Black "Firt, Stanislav"]
[Result "1-0"]
[WhiteElo "2605"]
[BlackElo "2390"]

1.d4 Nf6 2.Nf3 g6 3.c4 Bg7 4.Nc3 O-O 5.e4 d6 6.Be2 e5 7.O-O Nbd7 8.Qc2 c6
9.Rd1 Qe7 10.d5 a5 11.b3 cxd5 12.cxd5 Nc5 13.Be3 Ne8 14.Bxc5 dxc5 15.Nb5 b6
16.d6 Qd7 17.Na3 Ba6 18.Bxa6 Rxa6 19.Qd3 Ra8 20.Nc4 Rd8 21.a4 Qb7 22.Re1 f6
23.Rad1 Rf7 24.Qd5 Bf8 25.Re3 Qxd5 26.Rxd5 Rb7 27.h4 h5 28.Nfd2 Bh6 29.Red3 Rdd7
30.Nb1 Kf7 31.Nc3 Ke6 32.g3 Ng7 33.Ne2 Kf7 34.f4 exf4 35.gxf4 Ne6 36.Rf3 Ng7
37.Nc3 Ne6 38.Ne2 Ng7 39.Kf2 Ke6 40.Nc3 Kf7 41.Nb5 Rb8 42.Nc7 Ne6 43.Nxe6 Kxe6
44.f5+ gxf5 45.Rdxf5 Bg7 46.Rxh5 b5 47.axb5 Rxb5 48.Rh7 a4 49.bxa4 Rb4 50.Ne3 Rxe4
51.Nf5 Bf8 52.Rh8 Bxd6 53.Re8+ Be7 54.h5 Kf7 55.h6 c4 56.Kg3 Kg6 57.Rg8+ Kh7
58.Rg7+ Kh8 59.Kh3 Re5 60.Kg4 Rc7 61.Kh5 c3 62.Kg6 c2 63.h7 Rc8 64.Rc3 Bc5
65.Rxc2 Rce8 66.Rb2  1-0

[Event "CZE-chT 9495"]
[Site "?"]
[Date "1995.??.??"]
[Round "10"]
[White "Netusil, Miroslav"]
[Black "Seifert, Milan"]
[Result "1-0"]
[WhiteElo "2295"]
[BlackElo "2265"]

1.d4 g6 2.c4 Bg7 3.Nc3 d6 4.e4 Nf6 5.Be2 O-O 6.Nf3 e5 7.dxe5 dxe5 8.Qxd8 Rxd8
9.Bg5 Re8 10.Nd5 Nxd5 11.cxd5 c6 12.Bc4 cxd5 13.Bxd5 Nc6 14.O-O-O Be6 15.Bxe6 Rxe6
16.Rd7 b6 17.Kb1 Nd4 18.Rc1 Rc6 19.Nxd4 Rxc1+ 20.Kxc1 exd4 21.Kd2 h6 22.Rd8+ Rxd8
23.Bxd8 Be5 24.g3 g5 25.Be7 g4 26.Kd3 Kg7 27.b3 Kg6 28.Ba3 f5 29.exf5+ Kxf5
30.Bb2 Bc7 31.Bxd4 a6 32.Be3 h5 33.Kd4 Ke6 34.Ke4 b5 35.Bf4 Bb6 36.f3 gxf3
37.Kxf3 Kf5 38.h3 a5 39.a4 bxa4 40.bxa4 Bd8 41.g4+ hxg4+ 42.hxg4+ Ke6 43.Ke4 Bb6
44.Bd2 Bd8 45.Kd4 Kd6 46.Kc4 Kc6 47.Bc3 Kb6 48.Kd5 Bg5 49.Be1 Bd8 50.Bf2+ Kb7
51.Be3 Bh4 52.Kc5 Ka6 53.Bd2 Bd8 54.Kd6 Kb6 55.Be3+ Kb7 56.Bd4 Bg5 57.Kc5 Ka6
58.Kc6 Bh4 59.Bb6 Bg5 60.Bc7 Bh4 61.Kd7 Bg5 62.Bd8 Bd2 63.Ke6 Kb7 64.Kf5 Kc6
65.Bg5 Be1 66.Be3 Bh4 67.Bd4 Kd7 68.Bf6 Be1 69.g5 Ke8 70.g6 Kf8 71.Ke6 Bb4
72.Kd7 Bd2 73.Kc6 Kg8 74.Kb5 Be1 75.Bd8 Kg7 76.Bxa5 Bg3 77.Bc3+ Kxg6 78.a5 Kf5
79.a6 Bf2 80.Ba5  1-0

[Event "CZE-chT qual"]
[Site "?"]
[Date "1995.??.??"]
[Round "2"]
[White "Pisk, Petr"]
[Black "Oral, Tomas"]
[Result "1/2-1/2"]
[WhiteElo "2290"]
[BlackElo "2405"]

1.d4 Nf6 2.c4 g6 3.Nc3 Bg7 4.e4 d6 5.Nf3 O-O 6.Be2 e5 7.d5 a5 8.Bg5 h6 9.Bh4 Na6
10.O-O Qe8 11.Nd2 Nh7 12.a3 Bd7 13.Kh1 h5 14.f3 Bh6 15.b3 Be3 16.Rb1 f5 17.b4 axb4
18.axb4 f4 19.Bf2 Bxf2 20.Rxf2 g5 21.c5 dxc5 22.Bxa6 Rxa6 23.bxc5 Qe7 24.d6 cxd6
25.Nd5 Qd8 26.Nc4 dxc5 27.Rxb7 Ba4 28.Qb1 Qa8 29.Ne7+ Kh8 30.Qb2 Bb5 31.Qxe5+ Nf6
32.Ng6+ Kg8 33.Ne7+ Kh8 34.Ng6+  1/2-1/2

[Event "CZE-chT1a"]
[Site "?"]
[Date "1995.??.??"]
[Round "?"]
[White "Hrubant, Ivan"]
[Black "Drbohlav, Frantisek"]
[Result "1/2-1/2"]
[WhiteElo "2250"]
[BlackElo "2200"]

1.d4 Nf6 2.c4 g6 3.Nc3 Bg7 4.e4 d6 5.Nf3 O-O 6.Be2 Nbd7 7.O-O e5 8.Bg5 h6
9.Bh4 g5 10.Bg3 Nh5 11.dxe5 Nxg3 12.hxg3 dxe5 13.Qc2 c6 14.Nd2 Qe7 15.Bg4 b6
16.Rfd1 Bb7 17.Nf1 Nf6 18.Bf5 Rfd8 19.Ne3 h5 20.g4 h4 21.a3 Rxd1+ 22.Rxd1 Rd8
23.Qa4 a6 24.Qc2 Bf8 25.Rd2 Rxd2 26.Qxd2 Qd6 27.Qxd6 Bxd6 28.Kf1  1/2-1/2

[Event "CZE-chT1c 9495"]
[Site "?"]
[Date "1995.??.??"]
[Round "7"]
[White "Frolik, Martin"]
[Black "Firt, Stanislav"]
[Result "0-1"]
[WhiteElo "2240"]
[BlackElo "2390"]

1.d4 Nf6 2.Nf3 g6 3.c4 Bg7 4.Nc3 O-O 5.e4 d6 6.Be2 e5 7.O-O Nbd7 8.d5 Nc5
9.Qc2 a5 10.Nd2 Bh6 11.Nb3 Bxc1 12.Raxc1 Nfd7 13.Bg4 f5 14.exf5 Nxb3 15.axb3 Nc5
16.Bh3 gxf5 17.f4 e4 18.Rce1 Rf7 19.Re3 Rg7 20.Ne2 Qf6 21.Qc3 Qxc3 22.Rxc3 Bd7
23.Nd4 Rf8 24.Ra1 Nd3 25.Ne2 b6 26.Rc2 h5 27.Rf1 Kf7 28.Nc1 Nc5 29.Kf2 Kf6
30.Ke3 b5 31.Rc3 Rb8 32.Rf2 h4 33.Kd4 b4 34.Rcc2 a4 35.bxa4 Bxa4 36.Rce2 Bd1
37.Re1 Bh5 38.Rg1 Ra8 39.Re1 Ra1 40.Rff1 Rb1 41.Nd3 exd3 42.Rxb1 Re7 43.Rfe1 Be2  0-1

[Event "CZE-chT1c 9495"]
[Site "?"]
[Date "1995.??.??"]
[Round "9"]
[White "Babula, Vlastimil"]
[Black "Reznicek, Tomas"]
[Result "1-0"]
[WhiteElo "2530"]
[BlackElo "2265"]

1.d4 Nf6 2.c4 g6 3.Nc3 Bg7 4.e4 d6 5.Nf3 O-O 6.Be2 Nbd7 7.O-O e5 8.d5 Nc5
9.Qc2 a5 10.Bg5 h6 11.Be3 Qe7 12.Nd2 Ng4 13.Bxg4 Bxg4 14.a3 f5 15.f3 Bh5
16.b4 Nd7 17.Nb3 axb4 18.axb4 f4 19.Bf2 g5 20.h3 Nf6 21.c5 Bg6 22.Na5 Rfb8
23.Nb5 Ne8 24.Rfc1 Qd7 25.Qc4 Bf7 26.c6 bxc6 27.Nxc6 Rxa1 28.Rxa1 Rc8 29.Nba7 Ra8
30.Qb5 h5 31.Qb7 Rxa7 32.Rxa7 g4 33.Bh4 gxf3 34.Nb8  1-0

[Event "CZE-chT1c 9495"]
[Site "?"]
[Date "1995.??.??"]
[Round "11"]
[White "Babula, Vlastimil"]
[Black "Talla, Vladimir"]
[Result "1/2-1/2"]
[WhiteElo "2530"]
[BlackElo "2240"]

1.d4 Nf6 2.c4 g6 3.Nc3 Bg7 4.e4 d6 5.Nf3 O-O 6.Be2 e5 7.d5 Nbd7 8.Bg5 h6
9.Bh4 a6 10.Nd2 Qe8 11.O-O Nh7 12.b4 Bf6 13.Bxf6 Nhxf6 14.Nb3 Qe7 15.Qd2 Kg7
16.Rac1 Ne8 17.Qe3 f5 18.exf5 gxf5 19.f4 e4 20.Nd1 Kh7 21.Qc3 Ndf6 22.Ne3 Qf7
23.Nd4 Ng7 24.Bd1 a5 25.a3 axb4 26.axb4 b6 27.Bb3 h5 28.Ra1 Bd7 29.c5 bxc5
30.bxc5 Ng4 31.c6 Rxa1 32.Rxa1 Bc8 33.Ra7 Qe7 34.Nb5 Ne8 35.Bd1 Kh6 36.Bxg4 fxg4
37.g3 h4 38.Qa5 hxg3 39.hxg3 Qf6 40.Ra8 Bf5 41.Qc3 Qe7 42.Qa1 Kg6 43.Nd4 Ng7
44.Rxf8 Qxf8 45.Qa7 Qf6 46.Kf2 Qd8 47.Nb5 Ne8 48.Nc2 Nf6 49.Ne3 Qh8 50.Kg1 Qh3
51.Nxf5 Kxf5 52.Nd4+ Kg6 53.f5+ Kg5 54.Ne6+ Kxf5 55.Qf2+ Ke5 56.Nxc7 Qh6
57.Qb2+ Kf5 58.Qf2+  1/2-1/2

[Event "CZE-chT2"]
[Site "?"]
[Date "1995.??.??"]
[Round "?"]
[White "Kozak, Milos"]
[Black "Pilar, Miloslav"]
[Result "1/2-1/2"]
[WhiteElo "2300"]
[BlackElo "2330"]

1.Nf3 Nf6 2.c4 g6 3.d4 Bg7 4.Nc3 O-O 5.e4 d6 6.Be2 e5 7.d5 a5 8.Bg5 h6 9.Bh4 g5
10.Bg3 Nh5 11.h4 g4 12.Nh2 Nxg3 13.fxg3  1/2-1/2

[Event "CZE-chT2"]
[Site "?"]
[Date "1995.??.??"]
[Round "?"]
[White "Tupy, Martin"]
[Black "Muron, Miroslav"]
[Result "0-1"]
[WhiteElo "2195"]
[BlackElo "2245"]

1.d4 Nf6 2.c4 g6 3.Nc3 Bg7 4.e4 d6 5.Nf3 O-O 6.Be2 Nbd7 7.O-O e5 8.Be3 Ng4
9.Bg5 f6 10.Bc1 c6 11.h3 Nh6 12.Be3 Qe7 13.b4 f5 14.Bg5 Nf6 15.dxe5 dxe5
16.Qb3 f4 17.c5+ Nf7 18.Bc4 h6 19.Bxf6 Bxf6 20.Nd2 g5 21.Be2 Kh7 22.Nc4 Be6
23.Bg4 Rad8 24.Ne2 Rd7 25.Rfd1 Rfd8 26.Bxe6 Qxe6 27.Rxd7 Rxd7 28.f3 h5 29.Kf2 g4
30.fxg4 hxg4 31.Rh1 Kg6 32.hxg4 Ng5 33.Nd6 Qxb3 34.axb3 Be7 35.Nf5 Nxe4+
36.Ke1 Nf6 37.Rh6+ Kg5 38.Rh8 Nxg4 39.Ng7 Bf6  0-1

[Event "CZE-chT2"]
[Site "?"]
[Date "1995.??.??"]
[Round "?"]
[White "Slezka, Vojtech"]
[Black "Simek, Petr"]
[Result "1-0"]
[WhiteElo "2345"]
[BlackElo "2145"]

1.d4 Nf6 2.Nf3 g6 3.c4 Bg7 4.Nc3 O-O 5.e4 d6 6.Be2 e5 7.Be3 c6 8.d5 Ng4 9.Bg5 f6
10.Bh4 Na6 11.Nd2 h5 12.h3 Nh6 13.g4 hxg4 14.hxg4 Nf7 15.Nf1 Bh6 16.Ne3 Kg7
17.Qd2 Rh8 18.O-O-O Bd7 19.Kb1 c5 20.Bg3 Nc7 21.Qc2 a6 22.a4 b5 23.cxb5 axb5
24.axb5 Rb8 25.Qb3 Nxb5 26.Nxb5 Bxb5 27.Bxb5 Qb6 28.Nc4 Qxb5 29.Qxb5 Rxb5
30.Rd3 Rhb8 31.Kc2 Rb4 32.b3 Ra8 33.Kb2 Bf4 34.Ra1 Rxa1 35.Kxa1 Kf8 36.Kb2 Ke7
37.Kc2 Bxg3 38.Rxg3 Ng5 39.Re3 Rb8 40.Re1 Ra8 41.Kb2 Rh8 42.Ra1 Rh2 43.Ra7+ Kf8
44.Nxd6 Rxf2+ 45.Kc3 Rf4 46.Kc4 Rxg4 47.Kxc5 Nxe4+ 48.Nxe4 Rxe4 49.Kd6 Rb4
50.Ke6 Rxb3 51.d6 Rb8 52.Rf7+ Kg8 53.d7 Rb6+ 54.Ke7 Rb7 55.Kxf6 Rb8 56.Ke7 e4
57.Rf4 Rb7 58.Ke8 Rb8+ 59.d8=Q Rxd8+ 60.Kxd8 Kg7 61.Ke7 g5 62.Rxe4 Kg6 63.Ke6  1-0

[Event "CZE-chT2b 9596"]
[Site "CZE"]
[Date "1995.??.??"]
[Round "?"]
[White "Kratochvil, Milos"]
[Black "Pokrupa, Marek"]
[Result "1-0"]
[WhiteElo "2055"]
[BlackElo "2155"]

1.d4 Nf6 2.c4 g6 3.Nc3 Bg7 4.e4 d6 5.Be2 O-O 6.Nf3 e5 7.d5 a5 8.Bg5 Na6 9.Nd2 h6
10.Bh4 Kh7 11.O-O Qe8 12.a3 Bd7 13.b3 Nc5 14.Qc2 Ng8 15.b4 axb4 16.axb4 Rxa1
17.Rxa1 Na6 18.Qb2 f5 19.f3 Nf6 20.Bf2 f4 21.c5 Nb8 22.Nc4 Qe7 23.Ra7 Bc8
24.cxd6 cxd6 25.Nb5 Ne8 26.Ra8 Bd7 27.Nca3 Na6 28.Ra7 Bc8 29.Nc4 g5 30.Nb6 Nf6
31.Qc3 Qd8 32.Ra8  1-0

[Event "CZE-chT2a 9596"]
[Site "CZE"]
[Date "1995.??.??"]
[Round "?"]
[White "Horak, Jiri"]
[Black "Kourek, Josef"]
[Result "0-1"]
[WhiteElo "2280"]
[BlackElo "2280"]

1.d4 Nf6 2.Nf3 g6 3.c4 Bg7 4.Nc3 O-O 5.e4 d6 6.Be2 e5 7.d5 a5 8.O-O Nbd7
9.Ne1 Nc5 10.f3 Nh5 11.Nd3 Nxd3 12.Bxd3 Nf4 13.Ne2 b6 14.Nxf4 exf4 15.Bxf4 Bxb2
16.Rb1 Bd4+ 17.Kh1 Re8 18.Bc2 Be5 19.Bd2 Qh4 20.f4 Bg7 21.Qf3 Bg4 22.Qb3 f5
23.Rbe1 fxe4 24.Bxe4 Re7 25.g3 Qf6 26.Bg2 Rae8 27.Rxe7 Rxe7 28.h3 Be2 29.Rc1 Qd4
30.Bc3 Qe3 31.Qb2 Bf3 32.Bxg7 Bxg2+ 33.Kxg2 Rxg7 34.Qc2 Re7 35.h4 Re4 36.Rf1 Rd4
37.Rf2 Rd3 38.f5 Qxg3+ 39.Kf1 Qh3+ 40.Ke2 Re3+ 41.Kd2 Qg3 42.Re2 Rxe2+ 43.Kxe2 Qg2+
44.Kd1 Qxc2+ 45.Kxc2 gxf5 46.Kd3 Kf7 47.Ke3 Kf6 48.Kf4 h5 49.a4 Kg6 50.Kf3 Kf7
51.Ke3 Ke7 52.Kf3 Kd7 53.Kf4 c6 54.dxc6+ Kxc6 55.Kg5 f4  0-1

[Event "CZE-chT1 9596"]
[Site "CZE"]
[Date "1995.??.??"]
[Round "?"]
[White "Orsag, Milan"]
[Black "Hausner, Ivan"]
[Result "1-0"]
[WhiteElo "2390"]
[BlackElo "2450"]

1.d4 Nf6 2.c4 d6 3.Nf3 Nbd7 4.Nc3 e5 5.e4 g6 6.Be2 Bg7 7.O-O O-O 8.Re1 c6
9.Bf1 exd4 10.Nxd4 Re8 11.f3 Qb6 12.Na4 Qc7 13.Be3 Nc5 14.Nc3 a5 15.b3 Nfd7
16.Qd2 Qb6 17.Nc2 Be5 18.Rad1 Qd8 19.Nd4 Qb6 20.Rb1 Qc7 21.g3 Bg7 22.Kh1 Ne5
23.f4 Ng4 24.Bg1 Bd7 25.Bg2 Re7 26.Rbd1 Rae8 27.Ndb5 cxb5 28.Nd5 Qb8 29.Nxe7+ Rxe7
30.Qxd6 Qxd6 31.Rxd6 Ne6 32.e5 bxc4 33.bxc4 Be8 34.Rb1 Rc7 35.Rxb7 Rc8 36.Bd5 Nd8
37.Rc7 Rb8 38.Rb6 Rxb6 39.Bxb6 Ne6 40.Rc8  1-0

[Event "CZE-chT2a 9596"]
[Site "CZE"]
[Date "1995.??.??"]
[Round "?"]
[White "Krnavek, Lubomir"]
[Black "Bretsnajdr, Vladimir"]
[Result "1-0"]
[WhiteElo "2275"]
[BlackElo "2310"]

1.d4 Nf6 2.c4 g6 3.Nc3 Bg7 4.e4 d6 5.Nf3 O-O 6.Be2 e5 7.d5 a5 8.Bg5 Na6 9.Nd2 h6
10.Be3 Bd7 11.a3 Nh7 12.Rb1 f5 13.f3 Nc5 14.b3 Nf6 15.O-O Nh5 16.Qc2 Nf4
17.Rfe1 Qg5 18.Bf1 Ncd3 19.g3 Nxe1 20.Rxe1 Qf6 21.Bf2 Nh5 22.c5 Qe7 23.cxd6 cxd6
24.Nc4 Nf6 25.Nb6 Rab8 26.Nxd7 Nxd7 27.Nb5 Rbc8 28.Qd2 fxe4 29.fxe4 Rf3 30.Be3 Nc5
31.b4 Nxe4 32.Qd3 Ng5 33.Bxg5 Rxf1+ 34.Rxf1 Qxg5 35.Nxd6 Rc1 36.Ne4 Rxf1+
37.Kxf1 Qc1+ 38.Kg2 axb4 39.d6 Qc8 40.d7 Qd8 41.axb4 Kf7 42.Qd5+ Ke7 43.Qd6+ Kf7
44.Nc5 Bf6 45.Qe6+ Kg7 46.Nxb7 Qa8 47.Qxf6+ Kxf6 48.d8=Q+  1-0

[Event "Decin op"]
[Site "Decin"]
[Date "1995.??.??"]
[Round "1"]
[White "Kozak, Milos"]
[Black "Horak, Jiri"]
[Result "1-0"]
[WhiteElo "2300"]
[BlackElo "2270"]

1.Nf3 Nf6 2.d4 g6 3.c4 Bg7 4.Nc3 d6 5.e4 O-O 6.Be2 e5 7.Be3 Nc6 8.d5 Ne7
9.Nd2 h5 10.h3 Nh7 11.g4 f5 12.f3 Bf6 13.Bf2 h4 14.Qc2 c6 15.O-O-O a6 16.c5 cxd5
17.cxd6 Qxd6 18.Nc4 Bg5+ 19.Kb1 Qf6 20.Nb6 Rb8 21.exd5 Rd8 22.Bc5 Nf8 23.Bc4 Kh8
24.Rhe1 Kh7 25.Qh2 fxg4 26.fxg4 Bf4 27.Bxe7 Qxb6 28.Bxd8 Qxd8 29.Qe2 Bd7
30.Ne4 Rc8 31.Bd3 Be8 32.Rf1 Bf7 33.Bc4 g5 34.Bd3 Bg6 35.Bc2 Kg7 36.Nc3 Qb6
37.Bxg6 Rxc3 38.Bf5 Rxh3 39.Qc2 Rh2 40.Qb3 Qxb3 41.axb3 Kf7 42.d6 Ke8 43.Rf3 Rd2
44.Rxd2 Bxd2 45.Rd3 Bb4 46.d7+ Kd8 47.Rd5 h3 48.Rxe5 Be7 49.Re2  1-0

[Event "Decin op"]
[Site "Decin"]
[Date "1995.??.??"]
[Round "8"]
[White "Kozak, Milos"]
[Black "Muron, Miroslav"]
[Result "1/2-1/2"]
[WhiteElo "2300"]
[BlackElo "2245"]

1.Nf3 Nf6 2.c4 g6 3.Nc3 Bg7 4.e4 d6 5.d4 O-O 6.Be2 Nbd7 7.O-O e5 8.Be3 c6
9.Qc2 Ng4 10.Bg5 f6 11.Bd2 Qe7 12.d5 f5 13.b4 Ndf6 14.Bd3 f4 15.dxc6 bxc6
16.a4 Nh6 17.b5 c5 18.a5 Nf7 19.Rfb1 g5 20.Nd5 Nxd5 21.exd5 g4 22.Bxh7+ Kh8
23.Ne1 Ng5 24.Bd3 e4 25.Bf1 Bd4 26.Bc3 f3 27.Bxd4+ cxd4 28.Qd2 e3 29.Qxd4+ Kg8
30.Qxe3 Qxe3 31.fxe3 f2+ 32.Kh1 fxe1=Q 33.Rxe1 Ne4 34.Kg1 Bf5 35.Bd3 Nc5
36.Bxf5 Rxf5 37.Rf1 Rxf1+ 38.Rxf1 Re8 39.Rf4 Rxe3 40.Rxg4+ Kf7 41.h4 Nd3
42.h5 Ne5 43.Rf4+ Kg7 44.h6+ Kxh6 45.Rf6+ Kg5 46.Rxd6 Kf4 47.Kf2 Ra3 48.b6 Ra2+
49.Kf1  1/2-1/2

[Event "DEN-chT 9495"]
[Site "?"]
[Date "1995.??.??"]
[Round "4"]
[White "Hamann, Svend"]
[Black "Borge, Nikolaj"]
[Result "0-1"]
[WhiteElo "2355"]
[BlackElo "2400"]

1.d4 Nf6 2.c4 g6 3.Nc3 Bg7 4.e4 d6 5.Nf3 O-O 6.Be2 e5 7.dxe5 dxe5 8.Qxd8 Rxd8
9.Bg5 Re8 10.O-O-O h6 11.Bh4 Na6 12.Nd2 c6 13.Nb3 Nd7 14.Bg4 Ndc5 15.Bxc8 Nxb3+
16.axb3 Raxc8 17.f3 Nc5 18.Kc2 Ne6 19.Bf2 Nd4+ 20.Bxd4 exd4 21.Ne2 Rcd8 22.Nf4 f5
23.exf5 gxf5 24.Rhe1 Be5 25.Nd3 Bd6 26.h3 Re3 27.Rxe3 dxe3 28.Nf4 Kf7 29.Ne2 Ke7
30.f4 Rg8 31.g3 a5 32.Rd3 Bc5 33.Kd1 h5 34.h4 Ke6 35.Ke1 b5 36.cxb5 cxb5
37.Kf1 a4 38.Kg2 Ra8 39.bxa4 bxa4 40.Kf3 Rb8 41.Rc3 Kd5 42.Rd3+ Kc4 43.Rc3+ Kb4
44.Rd3 Bf8 45.Kxe3 Bg7 46.Nc3 Kb3 47.Kd2 Bxc3+ 48.Rxc3+ Kxb2 49.Rc2+ Kb3
50.Rc3+ Kb4 51.Kc2 Re8 52.Rc7 Re2+ 53.Kb1 Re6 54.Rb7+ Kc4 55.Ra7 Re3 56.Rf7 Kb3
57.Rb7+ Ka3 58.Rf7 Rb3+ 59.Kc2 Rb5 60.Rh7 Ka2 61.Rxh5 Rc5+ 62.Kd3 Kb3 63.Rh8 Rd5+
64.Ke3 a3 65.h5 a2 66.Ra8 Rd1 67.h6 a1=Q 68.Rxa1 Rxa1 69.Kd4 Re1 70.h7 Re8
71.Kd3  0-1

[Event "Dhaka"]
[Site "Dhaka"]
[Date "1995.??.??"]
[Round "8"]
[White "Murshed, Niaz"]
[Black "Hebden, Mark"]
[Result "0-1"]
[WhiteElo "2520"]
[BlackElo "2550"]

1.d4 Nf6 2.c4 g6 3.Nc3 Bg7 4.e4 d6 5.Nf3 O-O 6.Be2 e5 7.d5 Na6 8.Be3 Ng4
9.Bg5 f6 10.Bd2 f5 11.exf5 Bxf5 12.O-O e4 13.Ng5 Bxc3 14.bxc3 e3 15.Bxg4 Qxg5
16.Bxf5 exd2 17.Be6+ Kg7 18.h4 Qxh4 19.Qxd2 Qxc4 20.f4 Nc5 21.f5 Ne4 22.Qd4+ Qxd4+
23.cxd4 Nc3 24.Rf2 b5 25.a3 a5 26.f6+ Rxf6 27.Rc2 Ne4 28.Rxc7+ Kh6 29.Re1 Rf4
30.Re3 Raf8 31.Rb7 Rf1+ 32.Kh2 Nd2 33.Rh3+ Kg5 34.Rbxh7 Ra1 35.Rg3+ Kf6 36.Rd3 Rd1
37.Rhh3 b4 38.Bg4 Nf1+ 39.Kg1 Ra1 40.Bd1 Kg7 41.axb4 axb4 42.Rh4 Ne3 43.Rxe3 Rxd1+
44.Kh2 Rh8 45.Re7+ Kf8 46.Rxh8+ Kxe7 47.Rh7+ Ke8 48.Rb7 Rxd4 49.Kg3 Rxd5
50.Rxb4 Ke7 51.Kg4 Kf6 52.g3 Rg5+ 53.Kf4 Rc5 54.Kg4 Rc6 55.Rf4+ Ke5 56.Rf1 d5
57.Re1+ Kf6 58.Rf1+ Kg7 59.Ra1 Re6 60.Ra8 Kf6 61.Kf4 Re4+ 62.Kf3 Re5 63.Rf8+ Kg5
64.Rd8 Rf5+ 65.Kg2 Kg4 66.Rd7 Re5 67.Kf2 Kh3  0-1

[Event "Dortmund op"]
[Site "Dortmund"]
[Date "1995.??.??"]
[Round "6"]
[White "Hetey, Laszlo"]
[Black "Remmler, Hans Peter"]
[Result "1-0"]
[WhiteElo "2290"]
[BlackElo "2075"]

1.d4 Nf6 2.c4 g6 3.Nc3 Bg7 4.e4 d6 5.Nf3 O-O 6.Be2 e5 7.d5 a5 8.O-O Nbd7
9.Bg5 h6 10.Bh4 g5 11.Bg3 Nh5 12.Nd2 Nf4 13.a3 f5 14.exf5 Nc5 15.Bg4 a4 16.Nde4 Nxe4
17.Nxe4 Bxf5 18.Bxf5 Rxf5 19.Qg4 Rf7 20.h4 Bf6 21.hxg5 Bxg5 22.Rad1 b6 23.Bxf4 exf4
24.Rfe1 Rg7 25.Qe6+ Kh7 26.Rd3 Qc8 27.Nxg5+ Rxg5 28.Qf7+ Rg7 29.Qxf4 Qg4
30.Qxg4 Rxg4 31.Re7+ Rg7 32.Rde3 b5 33.cxb5 Rb8 34.Rxg7+ Kxg7 35.Re7+ Kf6
36.Rxc7 Rxb5 37.Ra7 Rxd5 38.Rxa4 Rd1+ 39.Kh2 Rd2 40.Rb4 Rxf2 41.Kg3 Rc2 42.a4 d5
43.a5 Ke5 44.a6 Rc8 45.a7 Ra8 46.Ra4 Kd6 47.Kf4 Kc6 48.Ke3  1-0

[Event "Dortmund op"]
[Site "Dortmund"]
[Date "1995.??.??"]
[Round "8"]
[White "Ellers, Holger"]
[Black "Ciornei, Dragos"]
[Result "1-0"]
[WhiteElo "2360"]
[BlackElo "2180"]

1.d4 g6 2.c4 Nf6 3.Nc3 Bg7 4.e4 d6 5.Be2 O-O 6.Nf3 e5 7.d5 a5 8.h3 Na6 9.Bg5 h6
10.Be3 Nh5 11.Nd2 Nf4 12.Bf1 Nc5 13.Nb3 b6 14.g3 Nh5 15.Be2 Nf6 16.Nd2 Nh7
17.g4 f5 18.exf5 gxf5 19.Qc2 e4 20.O-O-O Qe7 21.Rhg1 Kh8 22.Nb3 Nxb3+ 23.axb3 f4
24.Bd4 Bxd4 25.Rxd4 e3 26.Re4 exf2 27.Rf1 Qh4 28.Qd3 f3 29.Bxf3 Ng5 30.Re7 Rf7
31.Qd4+ Kh7 32.Be4+ Kg8 33.Re8+ Rf8 34.Rxf8+ Kxf8 35.Qxf2+ Qxf2 36.Rxf2+ Kg7
37.Bg2 Bd7 38.Kd2 a4 39.bxa4 Bxa4 40.Re2 Kf6 41.h4 Nf7 42.Re6+ Kg7 43.Re7 Kf6
44.Rxc7  1-0

[Event "Dresden op"]
[Site "Dresden"]
[Date "1995.??.??"]
[Round "?"]
[White "Van den Doel, Erik"]
[Black "Polzin, Rainer"]
[Result "0-1"]
[WhiteElo "2305"]
[BlackElo "2410"]

1.e4 g6 2.d4 Bg7 3.c4 d6 4.Nc3 Nf6 5.Nf3 O-O 6.Be2 e5 7.O-O exd4 8.Nxd4 Re8
9.f3 Nc6 10.Nc2 Nh5 11.g4 Nf6 12.Be3 h5 13.g5 Nh7 14.Qd2 Bh3 15.Rf2 Bxc3
16.bxc3 Re5 17.Bf4 Ra5 18.Nd4 Nxg5 19.Nb3 Be6 20.Bf1 Re5 21.Nd4 Na5 22.Nxe6 Nxe6
23.Bxe5 dxe5 24.Rd1 Qf6 25.Qe3 b6 26.Kh1 Nb7 27.c5 Nbxc5 28.Bc4 Nf4 29.Rfd2 Kg7
30.a3 Rf8 31.Ba2 Qc6 32.Rb1 Qa4 33.Rdd1 Qxa3 34.Bc4 Qa4 35.Ra1 Qxc4  0-1

[Event "Dresden (Women)"]
[Site "Dresden"]
[Date "1995.??.??"]
[Round "?"]
[White "Lelchuk, Zoja"]
[Black "Micic, Jordanka"]
[Result "1-0"]
[WhiteElo "2335"]
[BlackElo "2295"]

1.c4 Nf6 2.Nc3 g6 3.e4 d6 4.d4 Bg7 5.Nf3 O-O 6.Be2 e5 7.d5 Na6 8.Bg5 h6 9.Bh4 Qe8
10.Nd2 Nh7 11.O-O h5 12.f3 Bh6 13.Bf2 Qe7 14.Re1 h4 15.Nf1 f5 16.h3 Bf4 17.Kh1 Qg5
18.a3 Bg3 19.exf5 gxf5 20.Be3 f4 21.Ne4 Qh5 22.Bg1 Bxe1 23.Qxe1 Bf5 24.Nfd2 Kh8
25.b4 Rg8 26.Bf1 Rg6 27.Bf2 Rh6 28.c5 Nb8 29.cxd6 cxd6 30.Rc1 Nd7 31.Rc7 Rg8
32.Rxb7 Rhg6 33.Rxa7 Qh6 34.Bxh4 Nb6 35.Nxd6 Rxd6 36.Qxe5+ Rf6 37.Bxf6+ Nxf6
38.Qxf5 Nbxd5 39.Ne4  1-0